000 01843cam a22004095a 4500
001 L146301
008 090107s2008 xxko f 001 0 eng d
020 _a9781900915489
035 _a(Sirsi) u146301
041 0 _aeng
050 0 4 _a690.241 $2 18
110 1 _aCathedral Communications Limited
_93087
245 0 0 _aHistoric churches
_bthe conservation and repair of ecclesiastical buildings
250 _a15th ed.
260 _aTisbury
_bCathedral Communications
_c2008
300 _a56p.
_bcol. ill.
_c30cm.
490 0 _aBuilding Conservation Directory Special Report
505 2 _aLoyd Grossman: body and soul -- Heritage inspired -- Church and community -- The tower of glass -- Repairing the nave clerestory at Rochester Cathedral -- Church wardens and church fabric -- Round tower churches -- Protecting your church from vandals -- Listed building protection -- Conserving and restoring church hatchments -- Organ builders and restorers map -- Survivors and exiles -- The Mausolea and Monuments Trust -- Useful addresses -- Products and services -- Index
520 _aDiscusses issues, building techniques and materials relevant to the conservation and repair of churches. Includes a directory of useful organisations, products and services.
521 2 _aAdvanced
590 _aKA
651 4 _aUnited Kingdom
_y
690 _aBUILT ENVIRONMENT-BUILDING MAINTENANCE AND REFURBISHMENT-BUILDING RESTORATION
700 1 _aArthur, Sarah
700 1 _aMale, Anthony
700 1 _aGordon Bowe, Nicola
700 1 _aStewart, Ian
700 1 _aCrofts, Sara
700 1 _aHart, Stephen
700 1 _aParkinson, David
700 1 _aTaylor, Jonathan
700 1 _aDowning, Francis
700 1 _aGwynn, Dominic
700 1 _aBowdler, Roger
710 2 _aBuilding Conservation Directory
_93988
942 _n0
999 _c109102
_d109102